000 00383nam a2200169Ia 4500
999 _c18492
_d18492
003 0100
005 20170602090048.0
008 130303s9999 xx 000 0 und d
040 _cARRUPELIB
050 _aQB843.B651995
100 _aBoslough, John
_931985
245 _aStephen Hawking's Universe
_c/ John Boslough
260 _aNew York
_bQuill
_c1995
300 _a126p
600 _aHawkings, Stephen W.
_931986
650 _aCosmology
_931987
650 _aPhysics
_xGreat Britain
_xBiography
_931988
942 0 0 _01
_2lcc
_cMONOGRAPH